[Event "Penang op 8th"]
[Site "Penang"]
[Date "2016.12.07"]
[Round "5"]
[White "Kumar, Sri Shiva"]
[Black "Shravann, Suryaa VP"]
[Result "1/2-1/2"]
[WhiteElo "1543"]
[BlackElo "1142"]
[PlyCount "85"]
[EventDate "2016.12.05"]
[EventType "swiss"]
[EventRounds "9"]
[EventCountry "MAS"]
[SourceTitle "CBM 176 Extra"]
[Source "ChessBase"]
[SourceDate "2017.03.02"]
[SourceVersion "1"]
[SourceVersionDate "2017.03.02"]
[SourceQuality "1"]

1. e4 c5 2. Nf3 Nc6 3. d4 cxd4 4. Nxd4 g6 5. Bc4 Bg7 6. Nxc6 bxc6 7. 0-0 d6 8. c3 Nf6 9. e5 Ng4 10. exd6 Qxd6 11. Qxd6 exd6 12. Re1+ Kd7 13. Bxf7 Ne5 14. Bb3 Rf8 15. Bg5 h6 16. Bh4 g5 17. Bg3 Ba6 18. Bxe5 Bxe5 19. Nd2 Rae8 20. Nf3 Bf6 21. Rxe8 Rxe8 22. Re1 Rxe1+ 23. Nxe1 d5 24. Bc2 Ke6 25. Nd3 Bxd3 26. Bxd3 d4 27. cxd4 Bxd4 28. b3 g4 29. g3 Kf6 30. Kg2 Ke5 31. a4 Kf6 32. f3 gxf3+ 33. Kxf3 Bg1 34. h3 a5 35. g4 Bb6 36. h4 Bc5 37. Be4 Bb4 38. Bxc6 Be1 39. h5 Kg5 40. Bd7 Bd2 41. Ke4 Be1 42. Kd3 Bb4 43. Kc4 1/2-1/2